| 000 | 03793nam a22002777a 4500 | ||
|---|---|---|---|
| 001 | 42438 | ||
| 003 | UA-OsUOA | ||
| 005 | 20260507120153.0 | ||
| 007 | ta | ||
| 008 | 20061106b un ||un a|||| 00| 0 ukr dukr d | ||
| 020 | _a9667057976 | ||
| 040 |
_aUA-OsUOA _bukr _cUA-OsUOA _dUA-OsUOA |
||
| 041 | _aukr | ||
| 080 | _a82-94(477):81 | ||
| 090 |
_a82-94(477):81 _bГ46 |
||
| 245 |
_aГистория... Г. Граб'янки. Лѣтописъ краткій... _cупоряд. В. М. Мойсієнко |
||
| 260 |
_aЖитомир _bПолісся _c2001 |
||
| 300 | _a277 с. | ||
| 490 | _aПамятка української мови XVIII ст.. Серія козацьких літописів | ||
| 520 | _aЦе видання є фундаментальною науковою працею, у якій відома козацька літописна пам’ятка вперше представлена з точки зору лінгвістичного аналізу. Віктор Мойсієнко підготував це видання в межах серії «Пам’ятки української мови», що робить його незамінним для вивчення історії української мови XVIII століття. «Гисторія» (Літопис) Григорія Грабянки — один із найвизначніших творів козацького бароко, що описує події від найдавніших часів до 1708 року (основна увага приділена Визвольній війні Богдана Хмельницького). На відміну від суто історичних видань, тут акцент зроблено на текстологічній точності. Текст відтворено з максимальним збереженням особливостей оригіналу (графіки, орфографії), що дозволяє філологам досліджувати мову тієї епохи. Книга містить ґрунтовну вступну статтю В. М. Мойсієнка, детальний опис списків літопису та словопокажчик. Видання презентує «Літопис Григорія Грабянки» як визначну пам’ятку староукраїнської літературної мови. Автор дослідження аналізує специфічне мовне середовище XVIII ст., де химерно переплітаються елементи церковнослов’янської мови з живою народною українською стихією. У книзі подано аналіз різних списків літопису, що дає змогу простежити, як переписувачі змінювали текст залежно від свого мовного досвіду. Досліджуються фонетичні, морфологічні та лексичні особливості тексту, які є типовими для «козацького літописання». Попри філологічне спрямування, видання залишається важливим історичним джерелом, що відображає ідеологію козацької старшини та тогочасне бачення української історії. | ||
| 650 | 7 |
_a82 Література. Літературознавство _2UDC _915 |
|
| 700 | 1 |
_aМойсієнко В. М. _925191 |
|
| 942 |
_cBK _2udc |
||
| 955 | _a1 | ||
| 999 |
_c328575 _d328575 |
||